Statistics for Everybody Loves Raymond Quiz

Click here to take the quiz!

General Stats

  • This quiz has been taken 378 times
  • The average score is 7 of 12

Answer Stats

HintAnswer% Correct
Main CharacterRaymond
99%
Number 1's spouseDebra
94%
Brother of Main CharacterRobert
86%
2nd spouse of 6Amy
70%
Main Characters ParentsFrank and Marie
68%
Job title of main characterSports writer
67%
Oldest Child of 1 and 2Allie
61%
Location of seriesLong island
44%
Twin's Name's of 1 and 2Michael and Geoffrey
35%
Brother of 8Peter
35%
1st spouse of 6Joann
33%
Parents of 8Hank and Pat
28%

Score Distribution

Percentile by Number Answered

Percent of People with Each Score

Your Score History

You have not taken this quiz